[Event "Campeonato de España Blitz 2017"]
[Site "Linares"]
[Date "2017.08.12"]
[Round "7"]
[White "Forcen Esteban, Daniel"]
[Black "Lopez Mulet, Inigo"]
[Result "1-0"]
[Board "7"]
[WhiteTitle "GM"]
[WhiteElo "2515"]
[WhiteCountry "ESP"]
[WhiteFideId "2288230"]
[WhiteEloChange "2"]
[BlackTitle "FM"]
[BlackElo "2255"]
[BlackCountry "ESP"]
[BlackFideId "22235620"]
[BlackEloChange "-4"]

1. Nf3 {[%clk 0:03:02]} d5 {[%clk 0:02:58]} 2. d4 {[%clk 0:02:57]} Nf6 {[%clk
0:02:56]} 3. c4 {[%clk 0:02:58]} e6 {[%clk 0:02:55]} 4. e3 {[%clk 0:02:56]} Nbd7
{[%clk 0:02:39]} 5. Nbd2 {[%clk 0:02:53]} b6 {[%clk 0:02:34]} 6. Bd3 {[%clk
0:02:44]} Bb7 {[%clk 0:02:35]} 7. O-O {[%clk 0:02:44]} Bd6 {[%clk 0:02:35]} 8. b3
{[%clk 0:02:54]} O-O {[%clk 0:02:34]} 9. Bb2 {[%clk 0:02:55]} Ne4 {[%clk
0:02:25]} 10. Qe2 {[%clk 0:02:43]} f5 {[%clk 0:02:24]} 11. Rfd1 {[%clk 0:02:42]}
Qe8 {[%clk 0:02:05]} 12. Nf1 {[%clk 0:02:41]} Ndf6 {[%clk 0:01:59]} 13. Ne5
{[%clk 0:02:34]} dxc4 {[%clk 0:01:30]} 14. Bxc4 {[%clk 0:02:25]} Bxe5 {[%clk
0:01:27]} 15. dxe5 {[%clk 0:02:23]} Nd5 {[%clk 0:01:27]} 16. Rac1 {[%clk
0:02:20]} Rc8 {[%clk 0:01:08]} 17. f3 {[%clk 0:02:20]} Ng5 {[%clk 0:00:56]} 18.
a3 {[%clk 0:01:51]} Qg6 {[%clk 0:00:55]} 19. Kh1 {[%clk 0:01:38]} Qh5 {[%clk
0:00:34]} 20. Ng3 {[%clk 0:00:55]} Qh6 {[%clk 0:00:29]} 21. f4 {[%clk 0:00:35]}
Nf7 {[%clk 0:00:22]} 22. Qf2 {[%clk 0:00:34]} Qg6 {[%clk 0:00:18]} 23. b4 {[%clk
0:00:30]} Nh6 {[%clk 0:00:19]} 24. h3 {[%clk 0:00:22]} Rfd8 {[%clk 0:00:17]} 25.
Kh2 {[%clk 0:00:22]} Kh8 {[%clk 0:00:05]} 26. Rd2 {[%clk 0:00:25]} Rf8 {[%clk
0:00:05]} 27. Rdc2 {[%clk 0:00:20]} Rf7 {[%clk 0:00:05]} 28. Be2 {[%clk 0:00:21]}
c6 29. Bh5 {[%clk 0:00:21]} Ng4+ 30. hxg4 {[%clk 0:00:22]} Qh6 {[%clk 0:00:06]}
31. g5 {[%clk 0:00:23]} 1-0

[Event "Campeonato de España Blitz 2017"]
[Site "Linares"]
[Date "2017.08.12"]
[Round "7"]
[White "Ladron De Guevara Pinto, Paolo"]
[Black "Cifuentes Parada, Roberto"]
[Result "1/2-1/2"]
[Board "8"]
[WhiteTitle "FM"]
[WhiteElo "2313"]
[WhiteCountry "ESP"]
[WhiteFideId "2290847"]
[WhiteEloChange "4"]
[BlackTitle "GM"]
[BlackElo "2477"]
[BlackCountry "ESP"]
[BlackFideId "2253488"]
[BlackEloChange "-2"]

1. e4 {[%clk 0:03:02]} d6 {[%clk 0:03:04]} 2. d4 {[%clk 0:03:03]} Nf6 {[%clk
0:03:05]} 3. Nc3 {[%clk 0:03:03]} e5 {[%clk 0:03:06]} 4. Nf3 {[%clk 0:03:04]}
Nbd7 {[%clk 0:03:08]} 5. g4 {[%clk 0:03:06]} g6 {[%clk 0:03:05]} 6. h3 {[%clk
0:03:06]} Bg7 {[%clk 0:03:06]} 7. Bg2 {[%clk 0:02:58]} O-O {[%clk 0:03:07]} 8.
O-O {[%clk 0:02:58]} c6 {[%clk 0:03:06]} 9. Be3 {[%clk 0:02:58]} b5 {[%clk
0:02:58]} 10. b4 {[%clk 0:02:47]} Bb7 {[%clk 0:03:07]} 11. a4 {[%clk 0:02:41]} a6
{[%clk 0:03:08]} 12. dxe5 {[%clk 0:02:22]} Nxe5 {[%clk 0:03:08]} 13. Nxe5 {[%clk
0:02:30]} dxe5 {[%clk 0:03:10]} 14. Bc5 {[%clk 0:02:32]} Re8 {[%clk 0:03:06]} 15.
Qe2 {[%clk 0:02:33]} Bf8 {[%clk 0:03:02]} 16. Rfd1 {[%clk 0:02:34]} Qc7 {[%clk
0:02:53]} 17. Qe3 {[%clk 0:02:35]} Nd7 {[%clk 0:02:53]} 18. Bxf8 {[%clk 0:02:18]}
Nxf8 {[%clk 0:02:54]} 19. Ne2 {[%clk 0:02:06]} Ne6 {[%clk 0:02:53]} 20. c4 {[%clk
0:02:04]} bxa4 {[%clk 0:02:48]} 21. Rxa4 {[%clk 0:02:02]} c5 {[%clk 0:02:48]} 22.
Nc3 {[%clk 0:01:46]} cxb4 {[%clk 0:02:46]} 23. Rxb4 {[%clk 0:01:45]} a5 {[%clk
0:02:45]} 24. Rbb1 {[%clk 0:01:46]} Nd4 {[%clk 0:02:37]} 25. f4 {[%clk 0:01:42]}
Rac8 {[%clk 0:01:47]} 26. fxe5 {[%clk 0:01:28]} Nc2 {[%clk 0:01:48]} 27. Qd2
{[%clk 0:01:00]} Nb4 {[%clk 0:01:44]} 28. Nd5 {[%clk 0:00:51]} Qxe5 {[%clk
0:01:36]} 29. Nxb4 {[%clk 0:01:01]} axb4 {[%clk 0:01:36]} 30. Qd4 {[%clk
0:00:24]} Bxe4 {[%clk 0:01:35]} 31. Rxb4 {[%clk 0:00:22]} Qg3 {[%clk 0:01:29]}
32. Qf2 {[%clk 0:00:21]} Qc3 {[%clk 0:01:18]} 33. Qd2 {[%clk 0:00:23]} Rxc4
{[%clk 0:01:09]} 34. Qxc3 {[%clk 0:00:24]} Rxc3 {[%clk 0:01:09]} 35. Rxe4 {[%clk
0:00:25]} Rxe4 {[%clk 0:01:10]} 36. Bxe4 {[%clk 0:00:17]} Rxh3 {[%clk 0:01:12]}
37. Kg2 {[%clk 0:00:17]} Re3 {[%clk 0:01:13]} 38. Bf3 {[%clk 0:00:26]} Re7 {[%clk
0:01:13]} 39. Kg3 {[%clk 0:00:27]} h6 {[%clk 0:01:14]} 40. Rb1 {[%clk 0:00:27]}
Kg7 {[%clk 0:01:14]} 41. Rb7 {[%clk 0:00:25]} Re3 {[%clk 0:01:10]} 42. Kf2 {[%clk
0:00:26]} Rd3 {[%clk 0:01:11]} 43. Ke2 {[%clk 0:00:26]} Rd6 {[%clk 0:01:11]} 44.
Ke3 {[%clk 0:00:26]} Kf6 {[%clk 0:01:12]} 45. Be2 {[%clk 0:00:24]} Re6+ {[%clk
0:01:11]} 46. Kf2 {[%clk 0:00:26]} Kg5 {[%clk 0:01:05]} 47. Rxf7 {[%clk 0:00:25]}
Rf6+ {[%clk 0:01:07]} 48. Rxf6 {[%clk 0:00:22]} Kxf6 {[%clk 0:01:08]} 49. Kg3
{[%clk 0:00:23]} Kg5 {[%clk 0:01:09]} 50. Bd1 {[%clk 0:00:24]} h5 {[%clk
0:01:10]} 51. gxh5 {[%clk 0:00:25]} gxh5 {[%clk 0:01:12]} 1/2-1/2

[Event "Campeonato de España Blitz 2017"]
[Site "Linares"]
[Date "2017.08.12"]
[Round "7"]
[White "Granda Zuniga, Julio E"]
[Black "Matnadze, Ana"]
[Result "1-0"]
[Board "9"]
[WhiteTitle "GM"]
[WhiteElo "2669"]
[WhiteCountry "PER"]
[WhiteFideId "3800024"]
[WhiteEloChange "2"]
[BlackTitle "IM"]
[BlackElo "2422"]
[BlackCountry "ESP"]
[BlackFideId "13601377"]
[BlackEloChange "-2"]

1. b3 {[%clk 0:03:03]} d6 {[%clk 0:03:00]} 2. d4 {[%clk 0:03:02]} g6 {[%clk
0:02:59]} 3. Bb2 {[%clk 0:03:03]} Bg7 {[%clk 0:03:00]} 4. e4 {[%clk 0:02:55]} c6
{[%clk 0:03:01]} 5. Nf3 {[%clk 0:02:55]} Nd7 {[%clk 0:02:59]} 6. Nbd2 {[%clk
0:02:55]} Ngf6 {[%clk 0:02:55]} 7. Bd3 {[%clk 0:02:54]} O-O {[%clk 0:02:55]} 8.
O-O {[%clk 0:02:53]} Qc7 {[%clk 0:02:47]} 9. a4 {[%clk 0:02:48]} a5 {[%clk
0:02:47]} 10. Re1 {[%clk 0:02:46]} e5 {[%clk 0:02:47]} 11. c3 {[%clk 0:02:39]}
Rd8 {[%clk 0:02:53]} 12. Qc2 {[%clk 0:02:32]} Nf8 {[%clk 0:02:47]} 13. Bf1 {[%clk
0:02:24]} Nh5 {[%clk 0:02:36]} 14. g3 {[%clk 0:02:22]} h6 {[%clk 0:02:35]} 15.
Bg2 {[%clk 0:02:20]} Be6 {[%clk 0:02:31]} 16. Nc4 {[%clk 0:02:05]} b5 {[%clk
0:02:19]} 17. Ne3 {[%clk 0:02:02]} bxa4 {[%clk 0:02:16]} 18. Rxa4 {[%clk
0:01:59]} Rab8 {[%clk 0:02:15]} 19. d5 {[%clk 0:01:45]} Bd7 {[%clk 0:02:11]} 20.
Ra3 {[%clk 0:01:45]} Rdc8 {[%clk 0:02:00]} 21. Nd2 {[%clk 0:01:35]} a4 {[%clk
0:01:46]} 22. bxa4 {[%clk 0:01:32]} Qb7 {[%clk 0:01:40]} 23. Ndc4 {[%clk
0:01:20]} cxd5 {[%clk 0:01:38]} 24. exd5 {[%clk 0:01:21]} Qc7 {[%clk 0:01:32]}
25. a5 {[%clk 0:01:18]} Bb5 {[%clk 0:01:31]} 26. Nb6 {[%clk 0:01:19]} Re8 {[%clk
0:01:27]} 27. Qb3 {[%clk 0:01:07]} Ba6 {[%clk 0:01:23]} 28. Nc2 {[%clk 0:01:07]}
f5 {[%clk 0:01:01]} 29. Nb4 {[%clk 0:01:08]} Bb7 {[%clk 0:01:01]} 30. Nc6 {[%clk
0:01:06]} Ba6 {[%clk 0:00:42]} 31. c4 {[%clk 0:00:47]} Nd7 {[%clk 0:00:41]} 32.
Qa2 {[%clk 0:00:34]} Rb7 {[%clk 0:00:40]} 33. Bc3 {[%clk 0:00:23]} e4 {[%clk
0:00:30]} 34. Bxg7 {[%clk 0:00:13]} Nxg7 {[%clk 0:00:27]} 35. Nb4 {[%clk
0:00:14]} Ra7 {[%clk 0:00:18]} 36. Bf1 {[%clk 0:00:14]} Bb7 {[%clk 0:00:25]} 37.
Nxd7 {[%clk 0:00:14]} Qxd7 {[%clk 0:00:26]} 38. a6 {[%clk 0:00:15]} Ba8 {[%clk
0:00:26]} 39. Rb1 {[%clk 0:00:16]} f4 {[%clk 0:00:22]} 40. c5 {[%clk 0:00:16]}
dxc5 {[%clk 0:00:21]} 41. Nc6 {[%clk 0:00:17]} Rc7 {[%clk 0:00:17]} 42. d6+
{[%clk 0:00:18]} Kh7 {[%clk 0:00:16]} 43. dxc7 {[%clk 0:00:18]} Qxc7 {[%clk
0:00:15]} 44. Na5 {[%clk 0:00:16]} e3 {[%clk 0:00:15]} 45. Nb7 {[%clk 0:00:17]}
exf2+ {[%clk 0:00:14]} 46. Qxf2 {[%clk 0:00:18]} Nf5 {[%clk 0:00:12]} 47. Qxf4
{[%clk 0:00:19]} Qe7 {[%clk 0:00:13]} 48. Rb2 {[%clk 0:00:18]} c4 {[%clk
0:00:14]} 49. Rc3 {[%clk 0:00:18]} Qf6 {[%clk 0:00:06]} 50. Rbc2 {[%clk 0:00:18]}
Qb6+ {[%clk 0:00:05]} 51. Qf2 {[%clk 0:00:19]} Nd4 {[%clk 0:00:06]} 52. Rd2
{[%clk 0:00:18]} Re4 {[%clk 0:00:03]} 53. Re3 {[%clk 0:00:08]} Bxb7 {[%clk
0:00:04]} 54. axb7 {[%clk 0:00:08]} Qxb7 {[%clk 0:00:05]} 55. Rxe4 {[%clk
0:00:09]} Nf5 {[%clk 0:00:05]} 56. Rxc4 {[%clk 0:00:10]} Qe7 {[%clk 0:00:05]} 57.
Rcd4 {[%clk 0:00:10]} Kg8 {[%clk 0:00:05]} 58. Rd8+ {[%clk 0:00:11]} Kf7 {[%clk
0:00:05]} 59. R8d7 {[%clk 0:00:12]} 1-0

[Event "Campeonato de España Blitz 2017"]
[Site "Linares"]
[Date "2017.08.12"]
[Round "7"]
[White "Larino Nieto, David"]
[Black "Sos Andreu, Eric"]
[Result "1-0"]
[Board "10"]
[WhiteTitle "GM"]
[WhiteElo "2595"]
[WhiteCountry "ESP"]
[WhiteFideId "2256444"]
[WhiteEloChange "1"]
[BlackTitle "IM"]
[BlackElo "2285"]
[BlackCountry "ESP"]
[BlackFideId "22247017"]
[BlackEloChange "-3"]

1. b3 {[%clk 0:03:03]} Nf6 {[%clk 0:03:02]} 2. Bb2 {[%clk 0:03:04]} g6 {[%clk
0:03:03]} 3. e3 {[%clk 0:03:05]} Bg7 {[%clk 0:03:04]} 4. g4 {[%clk 0:03:06]} d5
{[%clk 0:02:57]} 5. g5 {[%clk 0:03:04]} Nh5 {[%clk 0:02:58]} 6. d4 {[%clk
0:03:00]} e5 {[%clk 0:02:42]} 7. dxe5 {[%clk 0:02:54]} Qxg5 {[%clk 0:02:42]} 8.
Nf3 {[%clk 0:02:53]} Qd8 {[%clk 0:02:40]} 9. c4 {[%clk 0:02:46]} c6 {[%clk
0:02:39]} 10. Nc3 {[%clk 0:02:42]} Be6 {[%clk 0:02:36]} 11. Ba3 {[%clk 0:02:24]}
Qa5 {[%clk 0:02:31]} 12. Qc1 {[%clk 0:02:24]} Nd7 {[%clk 0:02:30]} 13. Bd6 {[%clk
0:02:23]} Bf8 {[%clk 0:02:15]} 14. b4 {[%clk 0:02:18]} Qd8 {[%clk 0:02:14]} 15.
cxd5 {[%clk 0:02:17]} cxd5 {[%clk 0:02:15]} 16. Nb5 {[%clk 0:02:18]} Bxd6 {[%clk
0:02:11]} 17. Nxd6+ {[%clk 0:02:14]} Kf8 {[%clk 0:02:11]} 18. Qb2 {[%clk
0:02:05]} Kg7 {[%clk 0:01:53]} 19. Be2 {[%clk 0:02:15]} Rf8 {[%clk 0:01:31]} 20.
Rg1 {[%clk 0:01:59]} Kg8 {[%clk 0:01:30]} 21. h4 {[%clk 0:01:52]} Ng7 {[%clk
0:01:09]} 22. Ng5 {[%clk 0:01:50]} h6 {[%clk 0:00:53]} 23. Nf3 {[%clk 0:01:51]}
Qe7 {[%clk 0:00:52]} 24. Rd1 {[%clk 0:01:52]} Kh7 {[%clk 0:00:50]} 25. Qd4 {[%clk
0:01:46]} f6 {[%clk 0:00:48]} 26. Qd3 {[%clk 0:01:40]} Nf5 {[%clk 0:00:43]} 27.
h5 {[%clk 0:01:37]} fxe5 {[%clk 0:00:40]} 28. hxg6+ {[%clk 0:01:31]} Kg7 {[%clk
0:00:40]} 29. Nxf5+ {[%clk 0:01:32]} Rxf5 {[%clk 0:00:37]} 30. a3 {[%clk
0:01:30]} Raf8 {[%clk 0:00:30]} 31. e4 {[%clk 0:01:31]} dxe4 {[%clk 0:00:24]} 32.
Qxe4 {[%clk 0:01:32]} Rf4 {[%clk 0:00:25]} 33. Qe3 {[%clk 0:01:33]} Bg4 {[%clk
0:00:15]} 34. Rg3 {[%clk 0:00:41]} Bxf3 {[%clk 0:00:07]} 35. Bxf3 {[%clk
0:00:42]} Nf6 {[%clk 0:00:07]} 36. Rd2 {[%clk 0:00:37]} Qe6 {[%clk 0:00:05]} 37.
Qxa7 {[%clk 0:00:35]} e4 {[%clk 0:00:04]} 38. Qxb7+ {[%clk 0:00:35]} Kg8 {[%clk
0:00:04]} 39. Bd1 {[%clk 0:00:33]} Ne8 {[%clk 0:00:04]} 40. Qh7# {[%clk 0:00:33]}
1-0

[Event "Campeonato de España Blitz 2017"]
[Site "Linares"]
[Date "2017.08.12"]
[Round "7"]
[White "Perera Borrego, Maria Adela"]
[Black "Narciso Dublan, Marc"]
[Result "0-1"]
[Board "11"]
[WhiteTitle "WFM"]
[WhiteElo "2164"]
[WhiteCountry "ESP"]
[WhiteFideId "22238255"]
[WhiteEloChange "-2"]
[BlackTitle "GM"]
[BlackElo "2582"]
[BlackCountry "ESP"]
[BlackFideId "2201500"]
[BlackEloChange "1"]

1. d4 {[%clk 0:03:02]} e6 {[%clk 0:03:04]} 2. c4 {[%clk 0:03:03]} f5 {[%clk
0:03:05]} 3. Nc3 {[%clk 0:03:02]} Bb4 {[%clk 0:03:06]} 4. Qc2 {[%clk 0:02:58]}
Nf6 {[%clk 0:03:07]} 5. Nf3 {[%clk 0:02:55]} O-O {[%clk 0:03:07]} 6. e3 {[%clk
0:02:46]} b6 {[%clk 0:03:08]} 7. a3 {[%clk 0:02:47]} Bxc3+ {[%clk 0:03:09]} 8.
Qxc3 {[%clk 0:02:46]} Bb7 {[%clk 0:03:10]} 9. Bd3 {[%clk 0:02:43]} d6 {[%clk
0:03:10]} 10. Qc2 {[%clk 0:02:30]} Nbd7 {[%clk 0:03:10]} 11. b4 {[%clk 0:02:26]}
Qe7 {[%clk 0:02:57]} 12. Bb2 {[%clk 0:02:24]} Ne4 {[%clk 0:02:47]} 13. Rc1 {[%clk
0:01:54]} Ng5 {[%clk 0:02:31]} 14. Be2 {[%clk 0:01:29]} Nxf3+ {[%clk 0:02:07]}
15. gxf3 {[%clk 0:01:29]} e5 {[%clk 0:02:01]} 16. d5 {[%clk 0:01:27]} a5 {[%clk
0:01:42]} 17. Bd3 {[%clk 0:01:11]} Qg5 {[%clk 0:01:49]} 18. Ke2 {[%clk 0:01:03]}
Qh5 {[%clk 0:01:51]} 19. Kd2 {[%clk 0:00:40]} axb4 {[%clk 0:01:46]} 20. axb4
{[%clk 0:00:40]} Qxf3 {[%clk 0:01:47]} 21. Be2 {[%clk 0:00:33]} Qxf2 {[%clk
0:01:29]} 22. Rcf1 {[%clk 0:00:34]} Qh4 {[%clk 0:01:29]} 23. Rxf5 {[%clk
0:00:30]} Nf6 {[%clk 0:01:25]} 24. Rg1 {[%clk 0:00:21]} Ne4+ {[%clk 0:01:22]} 0-1

[Event "Campeonato de España Blitz 2017"]
[Site "Linares"]
[Date "2017.08.12"]
[Round "8"]
[White "Bruzon Batista, Lazaro"]
[Black "Santos Latasa, Jaime"]
[Result "1-0"]
[Board "1"]
[WhiteTitle "GM"]
[WhiteElo "2662"]
[WhiteCountry "CUB"]
[WhiteFideId "3503739"]
[WhiteEloChange "3"]
[BlackTitle "IM"]
[BlackElo "2478"]
[BlackCountry "ESP"]
[BlackFideId "2293307"]
[BlackEloChange "-3"]

1. d4 {[%clk 0:03:02]} Nf6 {[%clk 0:03:03]} 2. Nf3 {[%clk 0:03:01]} d5 {[%clk
0:03:04]} 3. Bf4 {[%clk 0:03:01]} e6 {[%clk 0:03:04]} 4. e3 {[%clk 0:03:02]} Bd6
{[%clk 0:03:04]} 5. Bg3 {[%clk 0:02:57]} O-O {[%clk 0:02:55]} 6. Nbd2 {[%clk
0:02:57]} b6 {[%clk 0:03:03]} 7. c3 {[%clk 0:02:52]} c5 {[%clk 0:03:00]} 8. Ne5
{[%clk 0:02:49]} Bb7 {[%clk 0:02:58]} 9. Bd3 {[%clk 0:02:47]} Qc7 {[%clk
0:02:52]} 10. Qb1 {[%clk 0:02:34]} h6 {[%clk 0:02:31]} 11. f4 {[%clk 0:02:28]}
Nc6 {[%clk 0:02:16]} 12. Bh4 {[%clk 0:02:27]} Nd7 {[%clk 0:01:59]} 13. Ndf3
{[%clk 0:02:19]} Ndxe5 {[%clk 0:01:24]} 14. fxe5 {[%clk 0:02:15]} Be7 {[%clk
0:01:24]} 15. Bxe7 {[%clk 0:01:58]} Qxe7 {[%clk 0:01:19]} 16. O-O {[%clk
0:01:58]} Rac8 {[%clk 0:01:14]} 17. Qe1 {[%clk 0:01:57]} f5 {[%clk 0:00:54]} 18.
exf6 {[%clk 0:01:55]} Rxf6 {[%clk 0:00:53]} 19. Bb5 {[%clk 0:01:55]} Rcf8 {[%clk
0:00:46]} 20. Bxc6 {[%clk 0:01:51]} Bxc6 {[%clk 0:00:38]} 21. Qe2 {[%clk
0:00:58]} Qe8 {[%clk 0:00:47]} 22. b3 {[%clk 0:00:44]} Bb5 {[%clk 0:00:29]} 23.
c4 {[%clk 0:00:46]} dxc4 {[%clk 0:00:30]} 24. bxc4 {[%clk 0:00:47]} Bc6 {[%clk
0:00:31]} 25. Ne5 {[%clk 0:00:46]} Rxf1+ {[%clk 0:00:23]} 26. Rxf1 {[%clk
0:00:47]} Be4 {[%clk 0:00:24]} 27. Rxf8+ {[%clk 0:00:39]} Qxf8 {[%clk 0:00:25]}
28. Qg4 {[%clk 0:00:38]} Bf5 {[%clk 0:00:26]} 29. Qg3 {[%clk 0:00:37]} cxd4
{[%clk 0:00:25]} 30. exd4 {[%clk 0:00:38]} Qb4 {[%clk 0:00:24]} 31. h3 {[%clk
0:00:13]} Qb1+ {[%clk 0:00:16]} 32. Kh2 {[%clk 0:00:14]} Qxa2 {[%clk 0:00:25]}
33. Nd7 {[%clk 0:00:15]} Qd2 {[%clk 0:00:19]} 34. Qb8+ {[%clk 0:00:13]} Kf7
{[%clk 0:00:09]} 35. Ne5+ {[%clk 0:00:14]} Ke7 {[%clk 0:00:05]} 36. Qc7+ {[%clk
0:00:15]} 1-0

[Event "Campeonato de España Blitz 2017"]
[Site "Linares"]
[Date "2017.08.12"]
[Round "8"]
[White "Tejedor Fuente, Enrique"]
[Black "Anton Guijarro, David"]
[Result "0-1"]
[Board "2"]
[WhiteTitle "FM"]
[WhiteElo "2430"]
[WhiteCountry "ESP"]
[WhiteFideId "2299100"]
[WhiteEloChange "-3"]
[BlackTitle "GM"]
[BlackElo "2620"]
[BlackCountry "ESP"]
[BlackFideId "2285525"]
[BlackEloChange "3"]

1. e4 {[%clk 0:03:04]} g6 {[%clk 0:03:03]} 2. d4 {[%clk 0:02:55]} Bg7 {[%clk
0:03:04]} 3. Bc4 {[%clk 0:02:59]} e6 {[%clk 0:03:02]} 4. Ne2 {[%clk 0:02:57]} Ne7
{[%clk 0:02:59]} 5. e5 {[%clk 0:02:47]} d6 {[%clk 0:02:56]} 6. exd6 {[%clk
0:02:32]} cxd6 {[%clk 0:02:57]} 7. O-O {[%clk 0:02:30]} O-O {[%clk 0:02:49]} 8.
h3 {[%clk 0:02:26]} Nbc6 {[%clk 0:02:56]} 9. c3 {[%clk 0:02:23]} e5 {[%clk
0:02:48]} 10. dxe5 {[%clk 0:02:12]} dxe5 {[%clk 0:02:43]} 11. Bg5 {[%clk
0:01:55]} Qc7 {[%clk 0:02:42]} 12. Nd2 {[%clk 0:01:37]} h6 {[%clk 0:02:38]} 13.
Bxe7 {[%clk 0:01:26]} Qxe7 {[%clk 0:02:36]} 14. Qc2 {[%clk 0:01:11]} Kh7 {[%clk
0:02:16]} 15. Rad1 {[%clk 0:01:04]} f5 {[%clk 0:02:12]} 16. Nb3 {[%clk 0:01:01]}
b6 {[%clk 0:01:43]} 17. Bd5 {[%clk 0:00:53]} Bb7 {[%clk 0:01:44]} 18. Rfe1 {[%clk
0:00:49]} Rac8 {[%clk 0:01:44]} 19. Qd3 {[%clk 0:00:35]} Rfd8 {[%clk 0:01:34]}
20. Qe3 {[%clk 0:00:36]} Qf6 {[%clk 0:01:17]} 21. Rd2 {[%clk 0:00:26]} Ba6 {[%clk
0:01:14]} 22. Red1 {[%clk 0:00:19]} Ne7 {[%clk 0:01:12]} 23. c4 {[%clk 0:00:11]}
Nxd5 {[%clk 0:01:03]} 24. cxd5 {[%clk 0:00:11]} h5 {[%clk 0:00:58]} 25. Nc3
{[%clk 0:00:09]} Bh6 {[%clk 0:00:58]} 26. Qe1 {[%clk 0:00:08]} Bxd2 {[%clk
0:00:49]} 27. Qxd2 {[%clk 0:00:10]} Rd7 {[%clk 0:00:56]} 28. Qe3 {[%clk 0:00:05]}
Rcd8 {[%clk 0:00:51]} 29. Re1 {[%clk 0:00:06]} Re8 {[%clk 0:00:50]} 30. Na1
{[%clk 0:00:05]} Bb7 {[%clk 0:00:51]} 31. Rd1 Red8 {[%clk 0:00:51]} 32. Re1
{[%clk 0:00:06]} Bxd5 {[%clk 0:00:51]} 33. Qxe5 {[%clk 0:00:05]} Qxe5 {[%clk
0:00:52]} 34. Rxe5 {[%clk 0:00:06]} Bf7 {[%clk 0:00:48]} 35. Nc2 {[%clk 0:00:03]}
Rd2 {[%clk 0:00:48]} 36. Ne3 {[%clk 0:00:03]} Re8 {[%clk 0:00:40]} 37. Rb5 {[%clk
0:00:04]} f4 {[%clk 0:00:39]} 38. Ned5 Re1+ {[%clk 0:00:38]} 39. Kh2 {[%clk
0:00:05]} Rxf2 {[%clk 0:00:29]} 40. Nf6+ {[%clk 0:00:05]} Kg7 {[%clk 0:00:31]}
41. Nfe4 {[%clk 0:00:06]} Rff1 {[%clk 0:00:26]} 42. g3 {[%clk 0:00:03]} f3 {[%clk
0:00:26]} 43. g4 {[%clk 0:00:03]} h4 {[%clk 0:00:27]} 44. Ng3 {[%clk 0:00:04]}
Rf2# {[%clk 0:00:27]} 0-1

[Event "Campeonato de España Blitz 2017"]
[Site "Linares"]
[Date "2017.08.12"]
[Round "8"]
[White "Dvirnyy, Danyyil"]
[Black "Forcen Esteban, Daniel"]
[Result "1/2-1/2"]
[Board "3"]
[WhiteTitle "GM"]
[WhiteElo "2566"]
[WhiteCountry "ITA"]
[WhiteFideId "817570"]
[WhiteEloChange "-1"]
[BlackTitle "GM"]
[BlackElo "2515"]
[BlackCountry "ESP"]
[BlackFideId "2288230"]
[BlackEloChange "1"]

1. d4 {[%clk 0:03:03]} Nf6 {[%clk 0:03:04]} 2. c4 {[%clk 0:02:54]} c5 {[%clk
0:03:01]} 3. Nf3 {[%clk 0:03:04]} cxd4 {[%clk 0:03:00]} 4. Nxd4 {[%clk 0:03:05]}
e5 {[%clk 0:03:02]} 5. Nb5 {[%clk 0:03:06]} d5 {[%clk 0:03:03]} 6. cxd5 {[%clk
0:03:06]} Bb4+ {[%clk 0:03:02]} 7. Bd2 {[%clk 0:03:04]} Bc5 {[%clk 0:03:00]} 8.
e3 {[%clk 0:03:00]} a6 {[%clk 0:02:57]} 9. N5c3 {[%clk 0:03:01]} Nxd5 {[%clk
0:02:58]} 10. Nxd5 {[%clk 0:03:01]} Qxd5 {[%clk 0:02:58]} 11. Nc3 {[%clk
0:02:54]} Qe6 {[%clk 0:02:42]} 12. Be2 {[%clk 0:02:43]} Nc6 {[%clk 0:02:39]} 13.
O-O {[%clk 0:02:43]} O-O {[%clk 0:02:39]} 14. Rc1 {[%clk 0:02:39]} Ba7 {[%clk
0:02:36]} 15. Qc2 {[%clk 0:02:35]} Nb4 {[%clk 0:01:58]} 16. Qb1 {[%clk 0:02:36]}
Bd7 {[%clk 0:01:56]} 17. a3 {[%clk 0:02:36]} Nc6 {[%clk 0:01:52]} 18. Rfd1 {[%clk
0:02:36]} Rad8 {[%clk 0:01:52]} 19. Qe4 {[%clk 0:02:15]} f5 {[%clk 0:01:23]} 20.
Qc4 {[%clk 0:02:16]} Na5 {[%clk 0:01:24]} 21. Qb4 {[%clk 0:02:15]} Nc6 {[%clk
0:00:45]} 22. Qxb7 {[%clk 0:02:15]} Bc8 {[%clk 0:00:46]} 23. Qa8 {[%clk 0:02:01]}
Bd7 {[%clk 0:00:47]} 24. Qb7 {[%clk 0:02:02]} Bc8 {[%clk 0:00:48]} 25. Qa8 {[%clk
0:02:00]} Bd7 {[%clk 0:00:37]} 26. Qb7 {[%clk 0:01:57]} Bc8 {[%clk 0:00:38]}
1/2-1/2